| 000 | 00357nam a2200133Ia 4500 | ||
|---|---|---|---|
| 005 | 20260328101526.0 | ||
| 008 | 260328s9999||||xx |||||||||||||| ||und|| | ||
| 100 | _aRenderos, Alex | ||
| 245 | 0 |
_aAccesibilidad Universal : _b Ciudades inclusivas / _cAlex Renderos |
|
| 260 | _bGrupo Renderos | ||
| 300 | _a63 p. | ||
| 650 | _aMEDIDAS Y DIMENSIONES | ||
| 942 | _cBK | ||
| 999 |
_c9776 _d9776 |
||